Estudio sobre las prácticas de los profesores de enseñanza técnica y estrategias de formación de docentes
Salvato in:
| Natura: | Libro |
|---|---|
| Lingua: | spagnolo |
| Pubblicazione: |
Santiago
CIDE
1993
|
| Soggetti: | |
| Tags: |
Aggiungi Tag
Nessun Tag, puoi essere il primo ad aggiungerne!!
|
MARC
| LEADER | 00000nam a2200000 a 4500 | ||
|---|---|---|---|
| 001 | UCY0587 | ||
| 003 | CL-VaPUC | ||
| 008 | 940805e19930000CL |||||||||||||||||spa|d | ||
| 082 | 0 | 4 | |a 373.246 |b EST |2 21 |
| 245 | 1 | 0 | |a Estudio sobre las prácticas de los profesores de enseñanza técnica y estrategias de formación de docentes |
| 300 | |a 68 h | ||
| 942 | |c BK | ||
| 945 | |d 19940805 00:00:00 |a rbrito | ||
| 260 | |a Santiago |b CIDE |c 1993 | ||
| 650 | 0 | |a Educación tecnológica |9 307597 | |
| 650 | 0 | |a Formación profesional de profesores |9 307493 | |
| 583 | |a last modification |c 19940805 00:00:00 |k Rodrigo Vera | ||
| 999 | |c 229554 |d 229552 | ||
| 952 | |0 0 |1 0 |4 0 |6 373_246000000000000_EST_1993 |7 0 |8 P |9 230814 |a BIBEDU |b BIBEDU |c BIBEDU_PB |d 2019-11-15 |i 2998734 |o 373.246 EST 1993 |p 2998734 |r 2024-01-25 |w 2019-11-15 |y BK |k EDU | ||